Linguistics: an introduction to language and communication

Wedi'i Gadw mewn:
Manylion Llyfryddiaeth
Prif Awdur: Akmajian, Adrian
Fformat: Llyfr
Iaith:Undetermined
Cyhoeddwyd: Londres, Inglaterra The MIT press 1984
Pynciau:
Tagiau: Ychwanegu Tag
Dim Tagiau, Byddwch y cyntaf i dagio'r cofnod hwn!

MARC

LEADER 00000nam a2200000Ia 4500
008 170316s9999 xx 000 0 und d
090 |a 410 A-4L 
100 |a Akmajian, Adrian 
245 |a Linguistics: an introduction to language and communication 
260 |a Londres, Inglaterra 
260 |b The MIT press 
260 |c 1984 
300 |a 547 páginas 
650 |a LINGÜÍSTICA 
999 |c 18211  |d 18211 
040 |a cru BVZT 
942 |c 15 D  |h 410 A-4L  |2 z